Statistics for Films with Five Acting Nominations

Click here to take the quiz!

General Stats

  • This quiz has been taken 24 times
  • The average score is 20 of 54

Answer Stats

Film% Correct
The Godfather Part II
85%
Al Pacino
80%
Marlon Brando
75%
On the Waterfront
75%
Robert De Niro
75%
Network
70%
All About Eve
65%
Bette Davis
65%
Bonnie and Clyde
65%
Faye Dunaway
65%
Faye Dunaway
65%
Ned Beatty
65%
Warren Beatty
65%
Peter Finch
60%
Talia Shire
50%
Beatrice Straight
45%
Eva Marie Saint
45%
William Holden
45%
Anne Baxter
40%
Burt Lancaster
40%
Deborah Kerr
40%
From Here to Eternity
40%
Gene Hackman
40%
Greer Garson
40%
Donna Reed
35%
Estelle Parsons
35%
Frank Sinatra
35%
George Sanders
35%
Karl Malden
35%
Mrs. Miniver
35%
Thelma Ritter
35%
Tom Jones
35%
Albert Finney
30%
Celeste Holm
30%
Montgomery Clift
30%
Rod Steiger
30%
Lee Strasberg
25%
Michael V. Gazzo
25%
Teresa Wright
25%
Hope Lange
15%
Michael J. Pollard
15%
Walter Pidgeon
15%
Arthur Kennedy
10%
Lana Turner
10%
Lee J. Cobb
10%
Diane Cilento
5%
Diane Varsi
5%
Edith Evans
5%
Hugh Griffith
5%
Joyce Redman
5%
May Whitty
5%
Peyton Place
5%
Russ Tamblyn
5%
Henry Travers
0%

Score Distribution

Percentile by Number Answered

Percent of People with Each Score

Your Score History

You have not taken this quiz